Catálogo
Digital

Catálogo
Digital

Innovar la docencia investigando (Record no. 13591)

MARC details
000 -CABECERA
campo de control de longitud fija 01909nam a2200361 4500
003 - IDENTIFICADOR DEL NÚMERO DE CONTROL
campo de control EC-UNACH
005 - FECHA Y HORA DE LA ÚLTIMA TRANSACCIÓN
campo de control 20250509122557.0
006 - CÓDIGOS DE INFORMACIÓN DE LONGITUD FIJA--CARACTERÍSTICAS DEL MATERIAL ADICIONAL
campo de control de longitud fija s||||gr|||| 00| 00
008 - DATOS DE LONGITUD FIJA--INFORMACIÓN GENERAL
campo de control de longitud fija 150116t9999 mx r gr 000 0 spa d
020 ## - NÚMERO INTERNACIONAL ESTÁNDAR DEL LIBRO
Número Internacional Estándar del Libro 978-9942-661-85-2
040 ## - FUENTE DE LA CATALOGACIÓN
Centro catalogador/agencia de origen EC-UNACH
Centro/agencia transcriptor EC-UNACH
041 ## - CÓDIGO DE LENGUA
Código de lengua del texto/banda sonora o título independiente spa
082 04 - NÚMERO DE LA CLASIFICACIÓN DECIMAL DEWEY
Número de edición 23
Número de clasificación 370
Número de documento/Ítem L017792
100 ## - ENTRADA PRINCIPAL--NOMBRE DE PERSONA
Nombre de persona Estrada García, Jesús Edelberto / Estrada Flores, Pablo Andrés / Inca Chunata, Danny Fernando / Saltos Zumba, Marianela EsthefaníaGamboa Cortez, Laura Lizbeth
245 ## - MENCIÓN DE TÍTULO
Título Innovar la docencia investigando
250 ## - MENCIÓN DE EDICIÓN
Mención de edición Primera edición
264 ## - Producción, publicación, distribución, fabricación y copyright
Lugar de producción, publicación, distribución, fabricación Riobamba - Ecuador
Nombre del de productor, editor, distribuidor, fabricante Editorial UNACH
Fecha de de producción, publicación, distribución, fabricación o copyright 2025
264 ## - Producción, publicación, distribución, fabricación y copyright
Lugar de producción, publicación, distribución, fabricación Producción UNACH
300 ## - DESCRIPCIÓN FÍSICA
Extensión 222 páginas
Otras características físicas Tablas, Figuras
501 ## - NOTA DE "CON"
Nota de “Con” Incluye índice de contenido
505 ## - NOTA DE CONTENIDO CON FORMATO
Nota de contenido con formato Lineamientos metodológicos -- Innovar la docencia investigando -- Investigación pedagógica -- Ética de la docencia en la investigación -- Metodología de la investigación -- Metodología cuantitativa -- Metodología cualitativa -- Investigación mixta: Integración de métodos cuantitativos y cualitativos -- Investigación transdisciplinaria y metodología de proyectos -- Redacción académica -- Metodología de proyectos de investigación-- Marco metodológico o metodología.
650 ## - PUNTO DE ACCESO ADICIONAL DE MATERIA--TÉRMINO DE MATERIA
Término de materia o nombre geográfico como elemento inicial SEMILLEROS DE INVESTIGACIÓN
650 ## - PUNTO DE ACCESO ADICIONAL DE MATERIA--TÉRMINO DE MATERIA
Término de materia o nombre geográfico como elemento inicial CÓDIGO DE ÉTICA
650 ## - PUNTO DE ACCESO ADICIONAL DE MATERIA--TÉRMINO DE MATERIA
Término de materia o nombre geográfico como elemento inicial EPISTEMOLOGÍA DE LA INVESTIGACIÓN
650 ## - PUNTO DE ACCESO ADICIONAL DE MATERIA--TÉRMINO DE MATERIA
Término de materia o nombre geográfico como elemento inicial MÉTODO CIENTÍFICO
650 ## - PUNTO DE ACCESO ADICIONAL DE MATERIA--TÉRMINO DE MATERIA
Término de materia o nombre geográfico como elemento inicial FORMULACIÓN DE PROYECTOS
650 ## - PUNTO DE ACCESO ADICIONAL DE MATERIA--TÉRMINO DE MATERIA
Término de materia o nombre geográfico como elemento inicial INVESTIGACIÓN FORMATIVA
856 ## - LOCALIZACIÓN Y ACCESO ELECTRÓNICOS
Identificador Uniforme del Recurso <a href="https://doi.org/10.37135/u.editorial.05.156">https://doi.org/10.37135/u.editorial.05.156</a>
Texto de enlace Libro Digital - Estrada García, Jesús Edelberto / Estrada Flores, Pablo Andrés / Inca Chunata, Danny Fernando / Saltos Zumba, Marianela EsthefaníaGamboa Cortez, Laura Lizbeth
942 ## - ELEMENTOS DE PUNTO DE ACCESO ADICIONAL (KOHA)
Fuente del sistema de clasificación o colocación Clasificación Decimal Dewey
Tipo de ítem Koha Libro electrónico
999 ## - NÚMEROS DE CONTROL DE SISTEMA (KOHA)
Koha biblionumber 13591
Holdings
Estado de pérdida Fuente del sistema de clasificación o colocación Estado dañado No para préstamo Localización permanente Ubicación/localización actual Ubicación en estantería Fecha de adquisición Fuente de adquisición Total de préstamos Signatura topográfica completa Código de barras Fecha visto por última vez Número de copia Precio válido a partir de Tipo de ítem Koha Centro de costos
  Clasificación Decimal Dewey     Biblioteca Campus Sur Biblioteca Campus Sur Facultad de Ciencias de la Educación Humanas y Tecnologías - Generelidades 09/05/2025 Producción Científica UNACH   370 EST L017792 L017792 09/05/2025 Ej: 01 09/05/2025 Libro electrónico  

Powered by Koha